| Tag |
First Indicator |
Second Indicator |
Subfields |
| LEADER |
00000cam a22000001a 4500 |
| 001 |
in00002286921 |
| 005 |
20190326191927.0 |
| 006 |
m | d | |
| 007 |
cr |n||||||||n |
| 008 |
880819s1831 xx a s 000 0 ger d |
| 040 |
|
|
|a TXA
|c GKR
|d OCL
|d Thomson Gale
|d UtOrBLW
|
| 043 |
|
|
|a e-hu---
|
| 100 |
1 |
|
|a Rauchmüller von Ehrenstein, Franz.
|
| 245 |
1 |
0 |
|a Uebersicht der dem ungarisch adriatischen Meereshandel dienenden Land und Wasserstrassen, und der dazu gehörigen Seehaefen /
|c bearbeitet von Rauchmüller von Ehrenstein.
|
| 264 |
|
1 |
|a [Place of publication not identified] :
|b [publisher not identified],
|c [1831?]
|
| 300 |
|
|
|a 5 volumes :
|b illustrations ;
|c 25 cm.
|
| 336 |
|
|
|a text
|b txt
|2 rdacontent
|
| 337 |
|
|
|a computer
|b c
|2 rdamedia
|
| 338 |
|
|
|a online resource
|b cr
|2 rdacarrier
|
| 500 |
|
|
|a Reproduction of original from Kress Library of Business and Economics, Harvard University.
|
| 500 |
|
|
|a Goldsmiths'-Kress number 26848.12.
|
| 510 |
4 |
|
|a OCLC,
|c 18373047
|
| 533 |
|
|
|a Electronic reproduction.
|b Farmington Hills, Mich. :
|c Thomson Gale,
|d 2005.
|f (The making of the modern world).
|n Available via the World Wide Web.
|n Access limited to licensing agreements.
|7 s2005 miunns
|
| 500 |
|
|
|a Electronic resource.
|
| 650 |
|
0 |
|a Canals
|z Hungary.
|
| 651 |
|
0 |
|a Hungary
|x Commerce.
|
| 650 |
|
0 |
|a Roads
|z Hungary.
|
| 650 |
|
0 |
|a Harbors
|z Hungary.
|
| 651 |
|
0 |
|a Danube River
|x Navigation.
|
| 651 |
|
0 |
|a Hungary
|x Economic conditions
|y 19th century.
|
| 655 |
|
0 |
|a Electronic books.
|
| 830 |
|
0 |
|a Making of the modern world (Goldsmiths'-Kress Library of Economic Literature)
|
| 856 |
4 |
0 |
|u http://proxy.library.tamu.edu/login?url=http://galenet.galegroup.com/servlet/MOME?af=RN&ae=U110365893&srchtp=a&ste=14&locID=txshracd2898
|z Connect to the full text of this electronic book
|t 0
|
| 999 |
|
|
|a MARS
|
| 999 |
f |
f |
|s e4160709-9367-3fb9-bb63-625b53b91397
|i 2e1e4fbb-c03b-3ac0-8033-107742b5f383
|t 0
|
| 952 |
f |
f |
|a Texas A&M University
|b College Station
|c Electronic Resources
|d Available Online
|t 0
|h No information provided
|
| 998 |
f |
f |
|t 0
|l Available Online
|